Normal view
MARC view
- Pakistan past present and future
Entry Topical Term
001 - CONTROL NUMBER
- control field: 108773
003 - CONTROL NUMBER IDENTIFIER
- control field: NUST
005 - DATE AND TIME OF LATEST TRANSACTION
- control field: 20230209122304.0
008 - FIXED-LENGTH DATA ELEMENTS
- fixed length control field: 230209|| aca||aabn | a|a d
040 ## - CATALOGING SOURCE
- Original cataloging agency: NUST
- Transcribing agency: NUST
150 ## - HEADING--TOPICAL TERM
- Topical term or geographic name entry element: Pakistan past present and future
670 ## - SOURCE DATA FOUND
- Source citation: Work cat.: (NUST)186743: Khan, Sultan 108772, Pakistan past present and future /, 1995
